000 00346nam a2200133Ia 4500
005 20260326100028.0
008 260326s9999||||xx |||||||||||||| ||und||
100 _aVillegas, Benjamín
245 0 _aBogotá Desde el Aire /
_cBenjamín Villegas
260 _bVillegas Editores
300 _a167 p.
650 _aARQUITECTURA REGIONAL
942 _cBK
999 _c6503
_d6503